000 00340 a2200109 4500
001 ART_3075
005 20260410161712.0
008 260409a
245 1 0 _aLa rentabilidad de las empresas multinacionales
100 1 _aChudnovsky, Daniel
773 0 _tDesarrollo económico
_g- Vol. 13, Nº 52 (ene./mar. 1974)
_wREV1174
999 _c16178
_d16178